00988nam a2200265 i 4500003000900000005001700009007000300026008004100029040003000070082001800100245011800118264003700236300003600273336002700309337003300336338002800369500004600397500003800443504003100481590002700512910001400539942001400553952013800567999001700705DO-SdBNP20250508084829.0ta250508t201u dr d 000 0 spa d aDO-SdBNPbspacBNPHUerda axxxbC15322200aCalidad del gasto educativo en la República Dominicana :bun análisis exploratorio desde la vigencia del 4% / 1aSanto Domingo :bEDUCA,c[201-]. a141 páginasbgraficasc28 cm. atextobtxt2rdacontent asin mediaciónbn2rdamedia avolumenbnc2rdacarrier aIncluye listado de siglas y acrónimos.  aIncluye códigos de provincias.  aBibliografía p: 135-140. aInventariado, 2025/ YL aYLockward 2ddccLBS1 00102ddc51708PDaBNPHUbBNPHUcCTd2019-04-12eDonado por Copardoml0oBNPHU PD xxx C153p2025-4026r2025-05-08w2025-05-08yLBS1 c58962d58962